Statistics for 90 secs World Capitals: by Capital City within 2,000 km

Click here to take the quiz!

General Stats

  • This quiz has been taken 1,272 times
  • The average score is 157 of 196

Answer Stats

Capital City% Correct
Zagreb
100%
Oslo
100%
Pristina
100%
Berlin
100%
Prague
100%
Podgorica
100%
Budapest
100%
Vienna
100%
Bucharest
100%
Sarajevo
100%
Bratislava
100%
Skopje
100%
Sofia
100%
Belgrade
100%
Ljubljana
100%
Chisinau
100%
San Marino
99%
Copenhagen
99%
Rome
99%
Riga
99%
Paris
99%
Dublin
99%
Monaco
99%
Minsk
99%
Luxembourg
99%
Helsinki
99%
London
99%
Stockholm
99%
Brussels
99%
Bern
99%
Warsaw
99%
Tallinn
99%
Algiers
99%
Amsterdam
99%
Andorra la Vella
99%
Ankara
99%
Vilnius
99%
Tirana
99%
Vatican City
99%
Vaduz
99%
Tunis
99%
Athens
98%
Madrid
98%
Valletta
98%
Kiev
98%
Baku
97%
Yerevan
97%
Tripoli
97%
Tbilisi
97%
Nicosia
96%
Moscow
96%
Riyadh
95%
Lisbon
95%
Tehran
94%
Havana
94%
Amman
94%
Jerusalem
93%
Damascus
93%
Kuwait City
93%
Manama
93%
Beirut
93%
Baghdad
93%
Asmara
92%
Cairo
92%
Lusaka
91%
Seoul
91%
Nassau
91%
Pyongyang
91%
Khartoum
90%
Sucre
90%
San Jose
90%
Kabul
90%
Tegucigalpa
89%
Muscat
89%
San Salvador
89%
Managua
89%
Doha
89%
Belmopan
88%
Rabat
88%
Washington
88%
Ashgabat
88%
Taipei
88%
Guatemala City
87%
Asuncion
87%
Dushanbe
87%
Islamabad
86%
Harare
86%
Abu Dhabi
86%
Lilongwe
86%
Tashkent
85%
Bogota
85%
Kingston
84%
Djibouti
84%
Port-au-Prince
84%
Mexico City
83%
Addis Ababa
83%
Santo Domingo
83%
Kampala
83%
Beijing
82%
Lome
82%
Sana'a
82%
Bandar Seri Begawan
82%
Bujumbura
82%
Phnom Penh
81%
Panama
81%
Windhoek
81%
Porto-Novo
81%
Mbabane
81%
Kigali
81%
Maputo
81%
Bishkek
80%
Pretoria
80%
Abuja
80%
Gaborone
80%
Maseru
80%
Ottawa
80%
Juba
80%
N'Djamena
80%
Libreville
79%
Thimphu
79%
Sao Tome
79%
Malabo
79%
Yaounde
79%
Dhaka
79%
Quito
78%
Ouagadougou
78%
Ulaanbaatar
78%
New Delhi
78%
Bangui
77%
Caracas
77%
Yamoussoukro
77%
Bamako
76%
Brazzaville
76%
Vientiane
76%
Nairobi
76%
Kinshasa
76%
Mogadishu
76%
Kathmandu
75%
Saint George's
74%
Port-of-Spain
74%
Accra
73%
Niamey
73%
Singapore
73%
Brasilia
73%
Kuala Lumpur
73%
Reykjavik
72%
Dodoma
72%
Hanoi
72%
Freetown
70%
Conakry
70%
Monrovia
70%
Bissau
70%
Saint John's
69%
Basseterre
69%
Tokyo
69%
Roseau
69%
Santiago
68%
Bangkok
68%
Buenos Aires
68%
Montevideo
68%
Castries
67%
Moroni
67%
Bridgetown
67%
Kingstown
67%
Luanda
67%
Nouakchott
66%
Canberra
65%
Banjul
65%
Nay Pyi Taw
63%
Georgetown
63%
Lima
62%
Jakarta
61%
Astana
58%
Manila
58%
Funafuti
56%
Dakar
55%
Praia
53%
Nuku'alofa
51%
Suva
51%
Paramaribo
50%
Wellington
49%
Apia
48%
Port-Vila
48%
Antananarivo
46%
Yaren
39%
Honiara
39%
Melekeok
38%
Tarawa
35%
Victoria
34%
Majuro
32%
Palikir
31%
Port Louis
29%
Port Moresby
24%
Male
24%
Colombo
24%
Dili
23%

Score Distribution

Percentile by Number Answered

Percent of People with Each Score

Your Score History

You have not taken this quiz